00259nam a2200097Ia 4500008004100000100002600041245002600067260004200093260000900135999001700144170620s9999 xx 000 0 und d aRao- V. Venkateshwara 0aProblems of Education bNew Delhi- Discovery Publishing House c2007 c24692d24692